ბათუმის შოთა რუსთაველის სახელმწიფო უნივერსიტეტის ბიბლიოთეკა

ხალხური აგრარული კალენდარული წეს-ჩვეულებები აჭარაში (ბიბ.ჩანაწერი № 49246)

000 -LEADER
fixed length control field 01082nam a2200265Ia 4500
001 - CONTROL NUMBER
control field 16160
003 - CONTROL NUMBER IDENTIFIER
control field GE_BSU
008 - FIXED-LENGTH DATA ELEMENTS--GENERAL INFORMATION
fixed length control field 181216s||||||||xx |||||||||||||| ||und||
020 ## - INTERNATIONAL STANDARD BOOK NUMBER
International Standard Book Number 9789941434976
040 ## - CATALOGING SOURCE
Transcribing agency GE_BSU
080 ## - UNIVERSAL DECIMAL CLASSIFICATION NUMBER
Universal Decimal Classification number 398.33(479.223)
100 ## - MAIN ENTRY--PERSONAL NAME
Personal name ლომთათიძე, თამილა
245 ## - TITLE STATEMENT
Title ხალხური აგრარული კალენდარული წეს-ჩვეულებები აჭარაში
245 ## - TITLE STATEMENT
Statement of responsibility, etc. რედ.ნანული ნოღაიდელი
260 ## - PUBLICATION, DISTRIBUTION, ETC.
Place of publication, distribution, etc. ბათუმი
260 ## - PUBLICATION, DISTRIBUTION, ETC.
Name of publisher, distributor, etc. ბსუ
300 ## - PHYSICAL DESCRIPTION
Extent 268გვ.21სმ.
300 ## - PHYSICAL DESCRIPTION
Accompanying material ბიბლ.გვ.221-237
520 ## - SUMMARY, ETC.
Summary, etc. რეზ.რუსულ და ინგლის ენებზე
653 ## - INDEX TERM--UNCONTROLLED
Uncontrolled term ფოლკლორი
653 ## - INDEX TERM--UNCONTROLLED
Uncontrolled term ხალხური აგრარული კალენდარული წეს-ჩვეულებები აჭარაში
653 ## - INDEX TERM--UNCONTROLLED
Uncontrolled term ხალხური წეს ჩვეულებები
942 ## - ADDED ENTRY ELEMENTS (KOHA)
Koha item type წიგნი
ეგზემპლარები
Withdrawn status Lost status Damaged status Not for loan Date acquired Barcode Date last seen Price effective from Koha item type
        2018-12-17 40440 2018-12-17 2018-12-17 წიგნი
        2018-12-17 40441 2018-12-17 2018-12-17 წიგნი
        2018-12-17 40442 2018-12-17 2018-12-17 წიგნი
        2018-12-17 40443 2018-12-17 2018-12-17 წიგნი